Statistics for Winless NFL Teams: Teams Who Had a Winless Season Since 1920

Click here to take the quiz!

General Stats

  • This quiz has been taken 227 times
    (181 since last reset)
  • The average score is 8 of 33

Answer Stats

HintAnswer% Correct
2008Detroit Lions
89%
1942Detroit Lions
89%
1944Card-Pitt (combined Pittsburgh Steelers, Chicago Cardinals)
67%
1943Chicago Cardinals
60%
1961Dallas Cowboys
56%
1982Baltimore Colts
53%
1976Tampa Bay Buccaneers
52%
1921New York Giants
51%
1934Cincinnati Reds
47%
1944Brooklyn Tigers
17%
1922Columbus Panhandles
15%
1925Columbus Tigers
15%
1922Hammond Pros
14%
1926Hammond Pros
14%
1927Buffalo Bisons
11%
1929Dayton Triangles
10%
1928Dayton Triangles
10%
1925Dayton Triangles
10%
1925Milwaukee Badgers
9%
1924Minneapolis Marines
9%
1925Rochester Jeffersons
9%
1924Rochester Jeffersons
9%
1923Rochester Jeffersons
9%
1922Rochester Jeffersons
9%
1924Kenosha Maroons
8%
1921Muncie Flyers
8%
1920Muncie Flyers
8%
1923Louisville Brecks
7%
1921Louisville Brecks
7%
1926Louisville Colonels
7%
1925Duluth Kelleys
5%
1922Evansville Crimson Giants
5%
1921Tonawanda Kardex
5%

Score Distribution

Percentile by Number Answered

Percent of People with Each Score

Your Score History

You have not taken this quiz since the last reset